000 00294nam a2200133Ia 4500
005 20251222155108.0
008 251222s9999||||xx |||||||||||||| ||spa||
082 _aMAN.39.1
100 _aO.P.S.
245 0 _aEnfermedades del P.A.I.
250 _a1ra. ed.
264 _bOPS/OMS
942 _cLIB
999 _c37946
_d37946